Can You Name All The Characteristics Of Crow From Brawl Stars? - Statistics

General Stats
  • This quiz has been taken 3 times
  • The average score is 10 of 15
Answer Stats
Hint Answer % Correct
Class Assassin
100%
Star Power Carrion Crow
100%
Title Caw Caw
100%
Rarity Legendary
100%
Trait No
100%
Buffies Yes
100%
Prestige Title Boss Of Bosses
50%
Star Power Extra Toxic
50%
Gadgets Instapoison
50%
Trio Retropolis
50%
Gadgets Slowing Toxin
50%
Super Swoop
50%
Hypercharge Utility Knives
50%
Voice Actor John Cipriani
0%
Attack Switchblade
0%
No matching quizzes found
Score Distribution
Percent of People with Each Score
Percentile by Number Answered
Your Score History
You have not taken this quiz